000 00343nam a2200133Ia 4500
008 240624s9999 xx 000 0 und d
041 _aeng
082 _a368.01 PRO
100 _aDAVID S
245 _aFUNDAMENTALS OF ACTUARIAL MATHEMATICS
260 _c2006
_aSingapore
_bJohn Wiley and Sons
300 _a372 : p. : cm. ; 24
365 _c
_b30
999 _c14174
_d14174